000 00848nam a2200217 4500
003 CBULib
005 20240424095350.0
008 240424b |||||||| |||| 00| 0 eng d
040 _aCBULib
_bEnglish
_cCBULib
_erda
050 _aUNCTAD(058)IERO/2013
110 _aUnited Nations Conference on Trade and Development (UNCTAD)
245 _aInformation Economy Report 2013 : the cloud economy and developing countries overview
_c/ by United Nations Conference on Trade and Development (UNCTAD)
260 _aNew York :
_bUnited Nations,
_c2013
300 _av, 13 pages : illustrations
336 _2rdacontent
_aText |
_btxt
337 _2rdamedia
_aUnmediated |
_bn
338 _2rdacarrier
_aVolume
_bnc
650 _aDEVELOPING COUNTRIES--ECONOMIC POLICY--PERIODICALS
650 _aELECTRONIC COMMERCE--DEVELOPING COUNTRIES
942 _c029
_2mc
999 _c84964
_d84964